THE UGLY TRUTH about MANAGING PEOPLE : (Record no. 3089)

000 -LEADER
fixed length control field cam a22 a 4500
003 - CONTROL NUMBER IDENTIFIER
control field AKMAL
005 - DATE AND TIME OF LATEST TRANSACTION
control field 20170519111827.0
008 - FIXED-LENGTH DATA ELEMENTS--GENERAL INFORMATION
fixed length control field 170519t20102007my | e | 001 0 eng d
020 ## - INTERNATIONAL STANDARD BOOK NUMBER
International Standard Book Number 9789833831319
Qualifying information paperback
Terms of availability RM29.90
020 ## - INTERNATIONAL STANDARD BOOK NUMBER
International Standard Book Number 9833831311
Qualifying information paperback
039 #9 - LEVEL OF BIBLIOGRAPHIC CONTROL AND CODING DETAIL [OBSOLETE]
Level of rules in bibliographic description 201605061100
Level of effort used to assign nonsubject heading access points VLOAD
Level of effort used to assign subject headings 201604260934
Level of effort used to assign classification VLOAD
Level of effort used to assign subject headings 201504171516
Level of effort used to assign classification azeantie
Level of effort used to assign subject headings 201403250946
Level of effort used to assign classification norizan
040 ## - CATALOGING SOURCE
Original cataloging agency AKMAL
Language of cataloging eng
Transcribing agency AKMAL
049 ## - LOCAL HOLDINGS (OCLC)
Holding library klpmal
082 04 - DEWEY DECIMAL CLASSIFICATION NUMBER
Classification number 658.3 UCL
Edition number 22
090 00 - LOCALLY ASSIGNED LC-TYPE CALL NUMBER (OCLC); LOCAL CALL NUMBER (RLIN)
Classification number (OCLC) (R) ; Classification number, CALL (RLIN) (NR) 658.3
Local cutter number (OCLC) ; Book number/undivided call number, CALL (RLIN) UCL
090 20 - LOCALLY ASSIGNED LC-TYPE CALL NUMBER (OCLC); LOCAL CALL NUMBER (RLIN)
Classification number (OCLC) (R) ; Classification number, CALL (RLIN) (NR) 658.3
Local cutter number (OCLC) ; Book number/undivided call number, CALL (RLIN) UCL
245 14 - TITLE STATEMENT
Title THE UGLY TRUTH about MANAGING PEOPLE :
Remainder of title 50 Must-Get-Right MANAGEMENT CHALLENGES... And How to Really Handle Them /
Statement of responsibility, etc. [edited by] Ruth King
246 3# - VARYING FORM OF TITLE
Title proper/short title Fifty must-get-right management challenges and how to really handle them
264 #1 - PRODUCTION, PUBLICATION, DISTRIBUTION, MANUFACTURE, AND COPYRIGHT NOTICE
Place of production, publication, distribution, manufacture Petaling Jaya :
Name of producer, publisher, distributor, manufacturer Advantage Quest Publications,
Date of production, publication, distribution, manufacture, or copyright notice 2010
264 #4 - PRODUCTION, PUBLICATION, DISTRIBUTION, MANUFACTURE, AND COPYRIGHT NOTICE
Date of production, publication, distribution, manufacture, or copyright notice ©2007
300 ## - PHYSICAL DESCRIPTION
Extent xiv, 256 pages ;
Dimensions 22 cm
336 ## - CONTENT TYPE
Content type term text
Source rdacontent
337 ## - MEDIA TYPE
Media type term unmediated
Source rdamedia
338 ## - CARRIER TYPE
Carrier type term volume
Source rdacarrier
500 ## - GENERAL NOTE
General note Includes index
650 10 - SUBJECT ADDED ENTRY--TOPICAL TERM
Topical term or geographic name entry element Personnel management
9 (RLIN) 602
650 20 - SUBJECT ADDED ENTRY--TOPICAL TERM
Topical term or geographic name entry element Supervision of employees
9 (RLIN) 5850
700 1# - ADDED ENTRY--PERSONAL NAME
Personal name King, Ruth,
Relator term editor.
9 (RLIN) 6408
942 ## - ADDED ENTRY ELEMENTS (KOHA)
Source of classification or shelving scheme
Koha item type Book
Holdings
Withdrawn status Lost status Source of classification or shelving scheme Damaged status Not for loan Collection code Home library Current library Date acquired Inventory number Total Checkouts Full call number Barcode Date last seen Price effective from Koha item type
          NON-FICTION AKMAL Melaka AKMAL Melaka 19.05.2017 602727   658.3 UCL 201703701 19.05.2017 19.05.2017 Book
Pusat Sumber Maklumat Dato' Haji Sarmin Md Hussin, Akademi Kastam Diraja Malaysia, Melaka
Tel: 06-2331106 | Faks: 06-2313787